Penfold on rating (Record no. 114047)
[ view plain ]
| 000 -LEADER | |
|---|---|
| fixed length control field | 00857cam a22002175a 4500 |
| 001 - CONTROL NUMBER | |
| control field | L156128 |
| 008 - FIXED-LENGTH DATA ELEMENTS--GENERAL INFORMATION | |
| fixed length control field | 120501s1870 xxk f 000 0 eng d |
| 035 ## - SYSTEM CONTROL NUMBER | |
| System control number | (Sirsi) u156128 |
| 041 0# - LANGUAGE CODE | |
| Language code of text/sound track or separate title | eng |
| 100 1# - MAIN ENTRY--PERSONAL NAME | |
| Personal name | Penfold, Charles |
| Dates associated with a name | 1799-1864 |
| 245 00 - TITLE STATEMENT | |
| Title | Penfold on rating |
| Remainder of title | Practical remarks upon the principle of rating railway, gas, water, and other companies; land, titles, buildings, manufactories, and other properties liable to be assessed towards the relief of the poor |
| 250 ## - EDITION STATEMENT | |
| Edition statement | 6th ed. |
| Remainder of edition statement | rewritten and extended by John Thomas Kershaw and William Marshall |
| 260 ## - PUBLICATION, DISTRIBUTION, ETC. | |
| Place of publication, distribution, etc. | London |
| Name of publisher, distributor, etc. | Knight |
| Date of publication, distribution, etc. | [1870] |
| 300 ## - PHYSICAL DESCRIPTION | |
| Extent | xx, 304 p. |
| Dimensions | 23 cm. |
| 583 ## - ACTION NOTE | |
| Action | Condition reviewed |
| Time/date of action | 20120620 |
| Status | condition level 3 |
| 651 #4 - SUBJECT ADDED ENTRY--GEOGRAPHIC NAME | |
| Geographic name | Great Britain |
| Chronological subdivision | 1707- |
| 690 ## - LOCAL SUBJECT ADDED ENTRY--TOPICAL TERM (OCLC, RLIN) | |
| Topical term or geographic name as entry element | Finance and taxation |
| 700 1# - ADDED ENTRY--PERSONAL NAME | |
| Personal name | Kershaw, John Thomas |
| 700 1# - ADDED ENTRY--PERSONAL NAME | |
| Personal name | Marshall, William |
| 942 ## - ADDED ENTRY ELEMENTS (KOHA) | |
| Suppress in OPAC | 0 |
| Withdrawn status | Lost status | Damaged status | Not for loan | Home library | Current library | Shelving location | Date acquired | Total Checkouts | Full call number | Barcode | Date last seen | Copy number | Price effective from | Koha item type |
|---|---|---|---|---|---|---|---|---|---|---|---|---|---|---|
| Historic collection | Historic collection | Historic collection | 01/05/2012 | PRICE QUARTO 1870 PENFOLD | 30077994 | 06/08/2019 | 1 | 06/08/2019 | Book |